000
00247nam a22000977a 4500
999
_c
11280
_d
11280
008
190115b ||||| |||| 00| 0 eng d
020
_a
9780141354934
100
_a
Engle
_9
7023
245
_a
A Wrinkle in Time
260
_a
UK
_b
Penguin Random House
_c
2018